00726nam a2200181 i 450000100060000000300090000600500170001500700030003200800410003510000420007624501350011826000590025330000320031270000290034485200320037399900170040595201220042226260ES-MaACL20230906153419.0t|030108s1967 sp ||||1| spa d1 aArozamena, Jesús María de.92317310aSan Sebastián b: excursión escolar por el ayer y el anteayer de nuestro pueblo / cJesús Mª de Arozamena, José Berruezo. aSan Sebastián : bCaja de Ahorros Municipal, c1967. a167 p., 6 lám. ; c26 cm.1 aBerruezo, José.928398 aES-MaACLjC-34327 bR.65257 c26260d26260 00104070aATENEOMbATENEOMcDEPO2d2008-01-17eSCl0oC-34327p1027100r2023-02-23 00:00:00w2023-02-23yMONOGRAFIA